| 000 | 01132njm a22002897a 4500 | ||
|---|---|---|---|
| 005 | 20100916144944.0 | ||
| 006 | a|||||r|||||00| 0 | ||
| 007 | sd ammalaaahaa | ||
| 008 | 100910t xxu||||| |||| 00| 0 eng d | ||
| 028 |
_a45NLP 1040 _bHis Master's Voice |
||
| 035 | _aGR-02970 | ||
| 040 |
_aSED _cSED |
||
| 100 |
_aBhosle, Asha _919365 |
||
| 245 |
_aKarmayogi / _csung by Asha Bhosle ; music by Kalyanji Anandji ; lyric by Varma Malik _h[sound recording] : |
||
| 246 | _aकर्मयोगी / | ||
| 260 |
_aDum Dum, India _bHis Master's Voice _c1978 |
||
| 300 |
_a1 sound disc [Gramophone Recording] : _banalog, 33 1/3 rpm _c12.5 in. (LP) _fGramaphone Records |
||
| 500 | _aBrief record | ||
| 500 | _aRecord Lebels : His Master's Voice, Red | ||
| 505 | _aSide-1 (Mohabbat Hoon Haqiqat Hoon) (Asha Bhosle),--Side-2 (Aaiye Huzoor) (Asha Bhosle) | ||
| 600 |
_aBhosle, Asha _920325 |
||
| 650 |
_2Excerpts. _aFilm Song _bIndia _919366 |
||
| 700 |
_a Anandji, Kalyanji _920363 |
||
| 700 |
_a Malik, Varma _920364 |
||
| 942 |
_2ddc _cGR |
||
| 999 |
_c46238 _d46238 |
||